Spatial Planning, Urban Form and Sustainable Transport /
Análisis de la incidencia de la planificación urbana en las relaciones entre los patrones o modelos de transportación y desplazamiento y las formas físicas de las ciudades, que reúne indagaciones empíricas y comentarios de académicos y profesionales de Europa, Australia y Estados Unidos. Dividido en...
I tiakina i:
| Kaituhi matua: | |
|---|---|
| Hōputu: | Pukapuka |
| Reo: | Ingarihi |
| I whakaputaina: |
Burlington, EUA :
Ashgate,
2005, c2005
|
| Rangatū: | (Urban Planning and Environment)
|
| Ngā marau: | |
| Ngā Tūtohu: |
Kāore He Tūtohu, Me noho koe te mea tuatahi ki te tūtohu i tēnei pūkete!
|
MARC
| LEADER | 00000nam^a2200000^a^4500 | ||
|---|---|---|---|
| 001 | 000184770 | ||
| 005 | 20250521000000.0 | ||
| 009 | 20260310102126.873 | ||
| 020 | |a 0-7546-4251-8 | ||
| 037 | |a Acervo ITESO - Biblioteca | ||
| 041 | |a ING | ||
| 082 | |a 711. 4 |b WIL | ||
| 100 | |a Williams, Katie |e (ed.) | ||
| 245 | 1 | 0 | |a Spatial Planning, Urban Form and Sustainable Transport / |c Ed., introd. y pref. de K. Williams. |
| 264 | 4 | |a Burlington, EUA : |b Ashgate, |c 2005, c2005 | |
| 300 | |a XIII, 226 p. | ||
| 336 | |a texto |b txt |2 rdacontenido | ||
| 337 | |a sin mediación |b n |2 rdamedio | ||
| 338 | |a volumen |b nc |2 rdasoporte | ||
| 440 | 1 | |a (Urban Planning and Environment) | |
| 520 | |a Análisis de la incidencia de la planificación urbana en las relaciones entre los patrones o modelos de transportación y desplazamiento y las formas físicas de las ciudades, que reúne indagaciones empíricas y comentarios de académicos y profesionales de Europa, Australia y Estados Unidos. Dividido en tres secciones, el compendio abre con un grupo de trabajos en torno a los impactos de la forma urbana, en conjunción con factores como los estilos de vida y los cambios sociodemográficos, sobre el transporte sustentable. A continuación es examinada la influencia de elementos de la forma urbana, como la densidad, la configuración y los usos del suelo, sobre la movilidad y cierran el volumen las contribuciones dedicadas a la implementación de políticas de planificación urbana para impulsar un transporte sustentable. | ||
| 649 | |a XX | ||
| 650 | |a Transporte Urbano - |x Planeación | ||
| 650 | |a Sistema de Transporte - |x Planeación | ||
| 650 | |a Uso del Suelo | ||
| 650 | |a Planeación Urbana | ||
| 650 | |a Política Urbana | ||
| 650 | |a Desarrollo Sustentable | ||
| 650 | |a Urbanismo | ||
| 910 | |a Fondo General | ||
| 920 | |a Impresos - Libros | ||
| 930 | |a Colección General | ||
| 905 | |a 101 | ||
| 901 | |a 0500125720 |b IT1 |c ACC |u 20250521 | ||
| 902 | |a https://opac.biblio.iteso.mx/vufind/Record/000184770 | ||